Kadra reprezentacji Polski - Statystyki

Ogólne statystyki
  • Ten quiz został rozwiązany 14 razy
  • Średni wynik to 17 z 25
Statystyki odpowiedzi
Pozycja Zawodnik % Poprawnych
Bramkarz Kamil Grabara
100%
Napastnik Adam Buksa
91%
Bramkarz Bartłomiej Drągowski
91%
Obrońca Jakub Kiwior
91%
Napastnik Karol Świderski
91%
Napastnik Robert Lewandowski
91%
Obrońca Matty Cash
82%
Pomocnik Nicola Zalewski
82%
Pomocnik Piotr Zielińśki
82%
Obrońca Przemysław Wiśniewski
82%
Pomocnik Sebastian Szymański
82%
Napastnik Jakub Kamiński
73%
Obrońca Jan Ziółkowski
73%
Bramkarz Kacper Tobiasz
73%
Pomocnik Bartosz Slisz
64%
Napastnik Kamil Grosicki
64%
Obrońca Tomasz Kędziora
64%
Obrońca Bartosz Bereszyński
55%
Pomocnik Kacper Kozłowski
55%
Bramkarz Mateusz Kochalski
55%
Pomocnik Bartosz Kapustka
45%
Napastnik Michał Skóraś
45%
Obrońca Paweł Wszołek
45%
Pomocnik Filip Rózga
36%
Obrońca Kryspin Szcześniak
27%
Nie znaleziono quizów pasujących do podanych kryteriów
Rozkład punktacji
Procent ludzi z każdym wynikiem
Percentyl według liczby udzielonych odpowiedzi
Twoja historia wyników
Nie rozwiązałeś tego quizu